|
|
|
|
| LEADER |
00718nam a2200193 i 4500 |
| 001 |
acta57173 |
| 005 |
20210730130321.0 |
| 008 |
190410s1930 hu o 0|| hun d |
| 040 |
|
|
|a SZTE Egyetemi Kiadványok Repozitórium
|b hun
|
| 041 |
|
|
|a hun
|
| 100 |
1 |
|
|a Mészöly Gedeon
|
| 245 |
1 |
2 |
|a A cserény szó eredete
|h [elektronikus dokumentum] /
|c Mészöly Gedeon
|
| 260 |
|
|
|c 1930
|
| 300 |
|
|
|a 21
|
| 490 |
0 |
|
|a A Szegedi Alföldkutató Bizottság könyvtára : IV. (társadalom- és néprajzi) szakosztály közleményei
|
| 650 |
|
4 |
|a Bölcsészettudományok
|
| 650 |
|
4 |
|a Nyelvek és irodalom
|
| 695 |
|
|
|a Magyar nyelv - etimológia
|
| 856 |
4 |
0 |
|u http://acta.bibl.u-szeged.hu/57173/1/alfoldkutato_004_010.pdf
|z Dokumentum-elérés
|